Isto é um assalto (Registo nº 199835)

Detalhes MARC
000 -Etiqueta do registo
Valores 00766nam 22002413 4500
010 ## - Número ISBN
ISBN 78-972-25-2603-6
021 ## - Número do Depósito Legal
Código do país Portugal
Número 355017/13
100 ## - Dados gerais de processamento
Dados gerais 20260112d u||y0pory50 ba
200 ## - Titulo e menção de responsabilidade
Título próprio Isto é um assalto
Informação de outro título a história da dívida em banda desenhada
Primeira menção de responsabilidade Francisco Louçã e Mariana Mortágua
Outras menções de responsabilidade ilustrações de Nuno Saraiva
205 ## - Menção da edição
Edição
210 ## - Publicação
Local de publicação Lisboa
Nome do editor Bertrand Editora
Data de publicação 2013
215 ## - Descrição física 
Paginação / Volumes 167, [9] p.
Outras indicações físicas il. ; brochado
Dimensões 24 cm
606 ## - Nome comum usado como assunto
ID Autoridade 1586
Palavra de ordem Desenho Artístico
610 ## - Termos não controlados
Palavra de ordem Banda desenhada
675 ## - CDU
Notação 74
Edição PT
Língua por
700 ## - Autor principal (pessoa individual)
ID Autoridade 1243
Apelido Louçã
Nome Francisco
Datas 1956-
701 ## - Co-autor principal (pessoa individual)
ID Autoridade 1244
Apelido Mortágua
Nome Mariana
Datas 1986-
702 ## - Autor secundário (pessoa individual)
ID Autoridade 9384
Apelido Saraiva
Nome Nuno
Datas 1968-
801 ## - Fonte de origem
País PT
Agência BMMN
Regras de catalogação RPC
830 ## - Notas gerais do catalogador
Criado por Isabel
990 ## - Elementos KOHA
Tipo de documento Livro
Exemplares
Situação do levantamento Biblioteca de origem Código de barras Cota Permissão de empréstimo Tipo de documento Forma de aquisição
  Biblioteca Municipal de Montemor-o-Novo 28862 74 LOU|AJ   Livro Oferta

Powered by Koha